[Event "25. Open Internacional de Parla 2010"]
[Site "Parla ESP"]
[Date "2010.09.05"]
[Round "2.39"]
[White "Pablos Tenrero, Raquel"]
[Black "Sanchez Tapia, Luis"]
[Result "1-0"]
[WhiteElo "1884"]
[BlackElo "1638"]
[PlyCount "103"]
[EventDate "2010.09.04"]
[EventType "swiss"]
[EventRounds "9"]
[EventCountry "ESP"]
[Source "lmi"]
[SourceDate "2010.09.04"]

1. e4 c6 2. d4 d5 3. exd5 cxd5 4. c4 Nc6 5. Nf3 Bg4 6. Be3 e6 7. Nc3 Nf6 8. Bd3
dxc4 9. Bxc4 Bxf3 10. Qxf3 Bb4 11. O-O Bxc3 12. bxc3 Nd5 13. Bb5 O-O 14. c4
Nxe3 15. fxe3 Rc8 16. Rab1 Rc7 17. Qe4 Ne7 18. Rfc1 Nf5 19. Qf4 Qe7 20. Ba4
Rfc8 21. c5 g5 22. Qf2 Nd6 23. Bc2 Nf5 24. Re1 Qd7 25. Be4 Kg7 26. Rf1 Re8 27.
g4 Nh4 28. Qf6+ Kg8 29. Qxg5+ Ng6 30. h4 Qe7 31. Qxe7 Rexe7 32. h5 Nh4 33. Rf6
Kg7 34. Rbf1 Nf5 35. g5 Ng3 36. R1f4 Nxh5 37. Rf3 Nxf6 38. gxf6+ Kh8 39. fxe7
Rxe7 40. Rf2 f5 41. Bg2 Kg7 42. Rb2 b6 43. cxb6 axb6 44. Rxb6 Kg6 45. d5 Ra7
46. Rxe6+ Kf7 47. Rb6 Rxa2 48. Rb7+ Kg6 49. d6 Rd2 50. d7 Rd6 51. Rc7 Kf6 52.
Rc6 1-0

[Event "25. Open Internacional de Parla 2010"]
[Site "Parla ESP"]
[Date "2010.09.05"]
[Round "2.40"]
[White "Martinez Soler, Manuel"]
[Black "Cavalle Pulla, Daniel"]
[Result "0-1"]
[WhiteElo "1563"]
[BlackElo "1847"]
[PlyCount "86"]
[EventDate "2010.09.04"]
[EventType "swiss"]
[EventRounds "9"]
[EventCountry "ESP"]
[Source "lmi"]
[SourceDate "2010.09.04"]

1. d4 Nf6 2. Nf3 c5 3. e3 g6 4. c4 Bg7 5. Nc3 cxd4 6. exd4 d5 7. c5 Nc6 8. Be2
O-O 9. O-O Bf5 10. Nh4 Be6 11. a3 Qc7 12. Be3 Rac8 13. Qd2 Rfd8 14. b4 a6 15.
Na4 Ne4 16. Qc1 Nxd4 17. Ra2 Nxe2+ 18. Rxe2 Bd7 19. Nb6 Bb5 20. Rfe1 Bxe2 21.
Nxc8 Qxc8 22. Rxe2 Qg4 23. Nf3 d4 24. h3 Qf5 25. Bd2 d3 26. Re1 Bd4 27. Nxd4
Qxf2+ 28. Kh2 Nxd2 29. Rd1 Rxd4 30. Rxd2 Qf4+ 31. Kh1 Rc4 32. Qe1 Re4 33. Qd1
Qe5 34. Rxd3 Re1+ 35. Qxe1 Qxe1+ 36. Kh2 Qe5+ 37. Kg1 Qf5 38. Rf3 Qb1+ 39. Kf2
e5 40. Re3 e4 41. g4 f5 42. Kg3 Qg1+ 43. Kf4 g5+ 0-1

[Event "25. Open Internacional de Parla 2010"]
[Site "Parla ESP"]
[Date "2010.09.05"]
[Round "2.41"]
[White "Feringan Casanova, Antonio"]
[Black "Montoya Pecurul, Marc"]
[Result "0-1"]
[WhiteElo "1844"]
[BlackElo "1629"]
[PlyCount "120"]
[EventDate "2010.09.04"]
[EventType "swiss"]
[EventRounds "9"]
[EventCountry "ESP"]
[Source "lmi"]
[SourceDate "2010.09.04"]

1. d4 g6 2. c4 Bg7 3. Nc3 e6 4. Nf3 Nf6 5. Bg5 d5 6. e3 O-O 7. cxd5 exd5 8. Be2
Be6 9. O-O Nbd7 10. Rc1 b6 11. Ba6 Rb8 12. Ne5 Ra8 13. Nc6 Qe8 14. Bb7 Bg4 15.
Qb3 h6 16. Bxf6 Nxf6 17. Bxa8 Qxa8 18. Ne7+ Kh7 19. Nexd5 Be6 20. Nxf6+ Bxf6
21. Qc2 h5 22. Qe2 Bg4 23. f3 Bf5 24. Nd5 Qxd5 25. Qc4 Qxc4 26. Rxc4 Bd3 27.
Rxc7 Bxf1 28. Kxf1 Kg7 29. Ke2 a5 30. Rc6 Re8 31. Kd3 Re6 32. Rc8 Rd6 33. b3 b5
34. Rc5 Rb6 35. e4 a4 36. b4 Be7 37. Rc8 Bxb4 38. e5 Bf8 39. d5 b4 40. d6 Bxd6
41. exd6 Rxd6+ 42. Kc2 Re6 43. Kd2 Rb6 44. Kc2 Kf6 45. Ra8 b3+ 46. axb3 axb3+
47. Kb2 Ke5 48. Re8+ Kd4 49. Re4+ Kd3 50. Re7 f6 51. h4 f5 52. Re1 Rb4 53. Re6
Rxh4 54. Rxg6 Ke3 55. Rf6 f4 56. Rc6 Kf2 57. Kxb3 Kxg2 58. Rc3 Rh3 59. Kc2 Rxf3
60. Rc5 Rg3 0-1

[Event "25. Open Internacional de Parla 2010"]
[Site "Parla ESP"]
[Date "2010.09.05"]
[Round "2.42"]
[White "Nieto Esteban, Manuel"]
[Black "Sanchez Rodriguez, Carlos"]
[Result "1-0"]
[WhiteElo "1823"]
[BlackElo "1614"]
[PlyCount "91"]
[EventDate "2010.09.04"]
[EventType "swiss"]
[EventRounds "9"]
[EventCountry "ESP"]
[Source "lmi"]
[SourceDate "2010.09.04"]

1. e4 e5 2. Nf3 Nc6 3. Bc4 d6 4. d3 Be7 5. O-O Nf6 6. h3 O-O 7. Be3 a6 8. Nc3
Be6 9. Bxe6 fxe6 10. d4 exd4 11. Nxd4 Nxd4 12. Qxd4 e5 13. Qc4+ Kh8 14. Rad1 c6
15. Qb3 b5 16. f3 Qd7 17. Rd2 a5 18. a4 b4 19. Ne2 Rab8 20. Ng3 g6 21. f4 exf4
22. Bxf4 Qa7+ 23. Kh1 Rbd8 24. Bh6 Rg8 25. Qf7 Rdf8 26. Bxf8 Rxf8 27. Qc4 Qb7
28. Ne2 c5 29. Ng3 Qc6 30. Qe6 Qc7 31. Rdf2 Kg7 32. b3 h5 33. Ne2 Qb7 34. e5
dxe5 35. Qxe5 Qe4 36. Qxe4 Nxe4 37. Rxf8 Bxf8 38. Re1 g5 39. Nc1 Ng3+ 40. Kg1
Nf5 41. Nd3 Kf6 42. Re8 Bd6 43. Rc8 Ne7 44. Ra8 Nc6 45. Ra6 Ke7 46. Rxc6 1-0

[Event "25. Open Internacional de Parla 2010"]
[Site "Parla ESP"]
[Date "2010.09.05"]
[Round "2.43"]
[White "Ojosnegros Martin, Angel"]
[Black "Callejo Hernanz, Jesus Maria"]
[Result "0-1"]
[WhiteElo "1384"]
[BlackElo "1815"]
[PlyCount "76"]
[EventDate "2010.09.04"]
[EventType "swiss"]
[EventRounds "9"]
[EventCountry "ESP"]
[Source "lmi"]
[SourceDate "2010.09.04"]

1. c4 c5 2. Nc3 Nc6 3. g3 g6 4. Bg2 Bg7 5. Nf3 d6 6. O-O e5 7. d3 Nge7 8. Bd2
O-O 9. Qc1 Re8 10. Rb1 Be6 11. a3 a5 12. Ng5 Bc8 13. Nd5 Nd4 14. Nxe7+ Qxe7 15.
Qd1 Rb8 16. Nf3 b5 17. Nxd4 exd4 18. Re1 bxc4 19. Bxa5 cxd3 20. exd3 Qxe1+ 21.
Bxe1 Be6 22. b3 d5 23. Bd2 Rbc8 24. a4 c4 25. bxc4 dxc4 26. dxc4 Bxc4 27. Bf1
Ba2 28. Rb7 Bd5 29. Ra7 Be4 30. Qb3 Rf8 31. Bc4 Kh8 32. f3 Rb8 33. Bb5 Bb7 34.
Bf4 d3 35. Bxd3 Bd4+ 36. Kg2 Bxf3+ 37. Kxf3 Rxb3 38. Ke4 Bxa7 0-1

[Event "25. Open Internacional de Parla 2010"]
[Site "Parla ESP"]
[Date "2010.09.05"]
[Round "2.44"]
[White "Morona Minguez, Irene"]
[Black "Martin Garcia, Francisco Javier"]
[Result "1/2-1/2"]
[WhiteElo "1815"]
[BlackElo "1575"]
[PlyCount "121"]
[EventDate "2010.09.04"]
[EventType "swiss"]
[EventRounds "9"]
[EventCountry "ESP"]
[Source "lmi"]
[SourceDate "2010.09.04"]

1. e4 c5 2. Nf3 d6 3. d4 cxd4 4. Nxd4 Nf6 5. Nc3 a6 6. f4 e6 7. Qf3 Qc7 8. g4
Be7 9. Bd3 Nc6 10. Nb3 b5 11. a3 Bb7 12. Be3 Nd7 13. h4 O-O-O 14. a4 b4 15. Ne2
Bf6 16. Ra2 g6 17. a5 Kb8 18. Qf2 Rc8 19. Bb6 Nxb6 20. axb6 Qe7 21. Bxa6 Bxa6
22. Rxa6 Kb7 23. Ra2 Ra8 24. Rxa8 Rxa8 25. e5 Bg7 26. O-O Na5 27. Rd1 Nxb3 28.
exd6 Qd7 29. cxb3 Bxb2 30. Qc5 Qc6 31. Qxb4 Ba3 32. Qc3 Bc5+ 33. Kh2 Ra2 34.
Qd3 Bxd6 35. Kg3 Bb8 36. Qf3 Qxf3+ 37. Kxf3 Kxb6 38. Rd7 Rb2 39. Rxf7 Rxb3+ 40.
Ke4 h5 41. g5 Rh3 42. Rf6 Rxh4 43. Rxe6+ Kc5 44. Rxg6 Rh2 45. Ng3 h4 46. Nf5 h3
47. Ng3 Ra2 48. Rh6 h2 49. g6 Ra4+ 50. Kf3 Rxf4+ 51. Ke3 Rg4 52. Rh5+ Kc4 53.
Nf1 Rxg6 54. Nxh2 Ba7+ 55. Ke2 Re6+ 56. Kf3 Re3+ 57. Kg4 Re2 58. Nf3 Re4+ 59.
Kh3 Re3 60. Kg4 Kd3 61. Rd5+ 1/2-1/2

[Event "25. Open Internacional de Parla 2010"]
[Site "Parla ESP"]
[Date "2010.09.06"]
[Round "3.1"]
[White "Sanchez Gonzalez, Sergio"]
[Black "Corrales Jimenez, Fidel"]
[Result "0-1"]
[WhiteElo "2288"]
[BlackElo "2599"]
[PlyCount "94"]
[EventDate "2010.09.04"]
[EventType "swiss"]
[EventRounds "9"]
[EventCountry "ESP"]
[Source "lmi"]
[SourceDate "2010.09.04"]

1. c4 c5 2. Nf3 Nc6 3. d4 cxd4 4. Nxd4 Nf6 5. Nc3 e6 6. Nc2 a6 7. e4 Qc7 8. Be2
b6 9. O-O Bb7 10. f3 Na5 11. Ne3 Bd6 12. g3 h5 13. Qd3 h4 14. f4 hxg3 15. hxg3
Bc5 16. Bd2 g5 17. b4 Bxb4 18. Qd4 Be7 19. Na4 gxf4 20. Ng4 e5 21. Nxf6+ Bxf6
22. Qxb6 Qc6 23. Qxc6 Nxc6 24. Nb6 Nd4 25. Bd3 Rg8 26. Nxa8 Rxg3+ 27. Kh2 Bxa8
28. Rab1 Bc6 29. Rb8+ Ke7 30. Bb4+ d6 31. Rd1 a5 32. Bxa5 Ba4 33. Rbb1 Bh4 34.
Bb6 Nf3+ 35. Kh1 f5 36. Bf1 Bc6 37. Bg2 Bxe4 38. Rb3 Bc2 39. Bxf3 Bxb3 40. axb3
Rxf3 41. c5 dxc5 42. Bxc5+ Kf6 43. b4 e4 44. Rd6+ Kg5 45. b5 Rb3 46. b6 e3 47.
Re6 Kg4 0-1

[Event "25. Open Internacional de Parla 2010"]
[Site "Parla ESP"]
[Date "2010.09.06"]
[Round "3.2"]
[White "Strikovic, Aleksa"]
[Black "Ramirez Garcia, Jorge Alberto"]
[Result "1-0"]
[WhiteElo "2560"]
[BlackElo "2246"]
[PlyCount "117"]
[EventDate "2010.09.04"]
[EventType "swiss"]
[EventRounds "9"]
[EventCountry "ESP"]
[Source "lmi"]
[SourceDate "2010.09.04"]

1. Nf3 d5 2. d4 Nf6 3. c4 e6 4. g3 dxc4 5. Qa4+ Nbd7 6. Qxc4 a6 7. Bg2 b5 8.
Qc2 Bb7 9. O-O c5 10. dxc5 Bxc5 11. Nc3 Rc8 12. Qb3 O-O 13. Bf4 h6 14. Rad1 b4
15. Na4 Bd5 16. Qd3 Be4 17. Qxa6 Ra8 18. Qb5 Ra5 19. Qxc5 Nxc5 20. Rxd8 Rxd8
21. Bc7 Rxa4 22. Bxd8 Rxa2 23. Rc1 Nb3 24. Rc8 Ra1+ 25. Bf1 Nd5 26. Nd2 Nxd2
27. Bg5+ Kh7 28. Bxd2 Rb1 29. f3 Bf5 30. e4 Rd1 31. exf5 Rxd2 32. fxe6 fxe6 33.
Rc2 Rxc2 34. Bd3+ Kg8 35. Bxc2 Kf7 36. Bb3 Nb6 37. Kf2 Kf6 38. Ke3 Ke5 39. f4+
Kd6 40. Kd4 g5 41. fxg5 hxg5 42. h4 gxh4 43. gxh4 e5+ 44. Ke4 Nd7 45. Kf5 e4
46. h5 e3 47. Bd1 Ke7 48. Ke4 Nc5+ 49. Kxe3 b3 50. Kd4 Na4 51. Bxb3 Nxb2 52.
Ke5 Nd3+ 53. Kf5 Kf8 54. h6 Nf2 55. Be6 Nh3 56. Kf6 Nf4 57. h7 Nh5+ 58. Kg6
Nf4+ 59. Kh6 1-0

[Event "25. Open Internacional de Parla 2010"]
[Site "Parla ESP"]
[Date "2010.09.06"]
[Round "3.3"]
[White "Madina Yadarola, Martin"]
[Black "Vazquez Igarza, Renier"]
[Result "0-1"]
[WhiteElo "2254"]
[BlackElo "2535"]
[PlyCount "74"]
[EventDate "2010.09.04"]
[EventType "swiss"]
[EventRounds "9"]
[EventCountry "ESP"]
[Source "lmi"]
[SourceDate "2010.09.04"]

1. d4 Nf6 2. Nf3 d5 3. Bg5 c6 4. c3 Ne4 5. Bf4 Bf5 6. e3 e6 7. Qb3 Qb6 8. Nbd2
Nd7 9. Nxe4 Bxe4 10. Be2 h6 11. O-O Be7 12. h3 g5 13. Bh2 h5 14. Nd2 Bg6 15. f3
Bd8 16. e4 Bc7 17. Qxb6 Bxh2+ 18. Kxh2 axb6 19. a3 Ke7 20. Rae1 Nf6 21. Bd1 h4
22. Bb3 Rad8 23. exd5 cxd5 24. f4 Ne4 25. Nxe4 Bxe4 26. f5 Rhg8 27. Bd1 Kd6 28.
fxe6 f5 29. c4 dxc4 30. Bh5 Ke7 31. Bf7 Rg7 32. Rd1 b5 33. Rf2 g4 34. hxg4 Rxg4
35. d5 Rxd5 36. Rc1 Rd3 37. a4 h3 0-1

[Event "25. Open Internacional de Parla 2010"]
[Site "Parla ESP"]
[Date "2010.09.06"]
[Round "3.4"]
[White "Castaño Vanegas, Henry Augusto"]
[Black "Del Rio de Angelis, Salvador G"]
[Result "0-1"]
[WhiteElo "2205"]
[BlackElo "2515"]
[PlyCount "46"]
[EventDate "2010.09.04"]
[EventType "swiss"]
[EventRounds "9"]
[EventCountry "ESP"]
[Source "lmi"]
[SourceDate "2010.09.04"]

1. e4 e6 2. d3 d5 3. Qe2 dxe4 4. dxe4 e5 5. Nf3 Nd7 6. Nbd2 Bc5 7. Nc4 Qe7 8.
Bd2 Ngf6 9. O-O-O b6 10. Ne1 O-O 11. Kb1 a5 12. Qf3 Rd8 13. g4 Nf8 14. g5 Ng4
15. Nd3 Rxd3 16. Bxd3 Nxf2 17. Qg3 Bb7 18. h4 Rd8 19. h5 Bxe4 20. Bxe4 Nxe4 21.
Qh2 Nf2 22. Rde1 Nxh1 23. Qxh1 b5 0-1

[Event "25. Open Internacional de Parla 2010"]
[Site "Parla ESP"]
[Date "2010.09.06"]
[Round "3.5"]
[White "Gomez Garrido, Camilo"]
[Black "Ballesteros Gonzalez, David"]
[Result "1/2-1/2"]
[WhiteElo "2514"]
[BlackElo "2196"]
[PlyCount "115"]
[EventDate "2010.09.04"]
[EventType "swiss"]
[EventRounds "9"]
[EventCountry "ESP"]
[Source "lmi"]
[SourceDate "2010.09.04"]

1. e4 c5 2. Nf3 d6 3. d4 cxd4 4. Nxd4 Nf6 5. Nc3 a6 6. Bg5 e6 7. f4 Be7 8. Qf3
Qc7 9. O-O-O Nc6 10. Nb3 h6 11. Bh4 Bd7 12. Be2 Rc8 13. Kb1 b5 14. a3 Na5 15.
Nxa5 Qxa5 16. e5 dxe5 17. fxe5 Bc6 18. Qd3 Nd5 19. Nxd5 Bxd5 20. Bxe7 Kxe7 21.
Qg3 g6 22. Qf4 Rh7 23. Bf3 Bxf3 24. Qxf3 Qc7 25. Qf6+ Ke8 26. Rd2 Qe7 27. Rhd1
Qxf6 28. exf6 g5 29. Rd7 h5 30. Re7+ Kf8 31. Rdd7 Kg8 32. a4 bxa4 33. Rc7 Rf8
34. Rc5 g4 35. Rg5+ Kh8 36. c4 Rh6 37. c5 Rxf6 38. Rxh5+ Kg7 39. Rg5+ Rg6 40.
Rxg6+ Kxg6 41. Rc7 Kf5 42. Ka2 Ke4 43. Ka3 f5 44. Kxa4 f4 45. Rg7 Kd5 46. Rxg4
Kxc5 47. Rg5+ Kd4 48. Rg6 Kd5 49. b4 e5 50. Kb3 Ra8 51. Kc3 Rc8+ 52. Kd2 Rb8
53. Rxa6 Rxb4 54. Ra2 Ke4 55. Ke2 Kf5 56. g3 Kg4 57. gxf4 exf4 58. Kf2 1/2-1/2

[Event "25. Open Internacional de Parla 2010"]
[Site "Parla ESP"]
[Date "2010.09.06"]
[Round "3.6"]
[White "Suarez Uriel, Adrian"]
[Black "Roa Alonso, Santiago"]
[Result "1-0"]
[WhiteElo "2180"]
[BlackElo "2454"]
[PlyCount "141"]
[EventDate "2010.09.04"]
[EventType "swiss"]
[EventRounds "9"]
[EventCountry "ESP"]
[Source "lmi"]
[SourceDate "2010.09.04"]

1. e4 c5 2. Ne2 d6 3. g3 Nc6 4. Bg2 g6 5. c3 h5 6. h3 Nf6 7. d4 Bd7 8. d5 Ne5
9. b3 c4 10. bxc4 Nxc4 11. O-O Bg7 12. Nd2 Rc8 13. Rb1 Nb6 14. Nb3 Na4 15. Be3
a6 16. Bd4 O-O 17. Nd2 b5 18. f4 e6 19. dxe6 Bxe6 20. Nb3 Bc4 21. Rc1 Re8 22.
Qc2 Nd5 23. Rf2 Ndxc3 24. Nxc3 Bxb3 25. Qd2 Bxd4 26. Qxd4 Rc4 27. Qd2 Qc7 28.
axb3 Rxc3 29. Rxc3 Nxc3 30. f5 Kg7 31. Qd4+ Re5 32. b4 Na4 33. Rd2 Qb6 34. Qxb6
Nxb6 35. Rxd6 Nc4 36. f6+ Kh6 37. Rxa6 g5 38. Rc6 Ne3 39. Rc5 Re8 40. e5 Rd8
41. Kf2 Nxg2 42. Kxg2 Kg6 43. Rxb5 Kf5 44. e6+ Kxe6 45. Rxg5 Rd2+ 46. Kf3 Rd3+
47. Kg2 Rd2+ 48. Kg1 Rb2 49. Rxh5 Rxb4 50. Rh6 Kf5 51. h4 Rb2 52. Rh5+ Kxf6 53.
Rg5 Ra2 54. Rg8 Ra5 55. Kg2 Ke7 56. g4 f6 57. h5 Kf7 58. Rb8 Kg7 59. Kg3 Ra1
60. Rb7+ Kh6 61. Kf2 f5 62. Rb6+ Kg5 63. Rg6+ Kf4 64. g5 Ra2+ 65. Ke1 Kg4 66.
h6 Rh2 67. Rg7 f4 68. h7 f3 69. g6 f2+ 70. Ke2 Kg3 71. Rf7 1-0

[Event "25. Open Internacional de Parla 2010"]
[Site "Parla ESP"]
[Date "2010.09.06"]
[Round "3.7"]
[White "Barria Zuñiga, Daniel"]
[Black "Garcia Salamero, Gabriel"]
[Result "1-0"]
[WhiteElo "2419"]
[BlackElo "2180"]
[PlyCount "51"]
[EventDate "2010.09.04"]
[EventType "swiss"]
[EventRounds "9"]
[EventCountry "ESP"]
[Source "lmi"]
[SourceDate "2010.09.04"]

1. d4 d5 2. c4 e6 3. Nf3 Nf6 4. Nc3 Be7 5. Bf4 O-O 6. e3 b6 7. Rc1 c6 8. Bd3
Bb7 9. O-O c5 10. cxd5 Nxd5 11. Nxd5 exd5 12. Qc2 g6 13. dxc5 bxc5 14. Rfd1 Nd7
15. Bh6 Re8 16. Bb5 a6 17. Ba4 Bd6 18. Qc3 f6 19. Qb3 Rb8 20. Rxd5 Bc6 21.
Rxd6+ Rxb3 22. Bxb3+ Kh8 23. Rxc6 Ne5 24. Nxe5 fxe5 25. R6xc5 Qh4 26. Rxe5 1-0

[Event "25. Open Internacional de Parla 2010"]
[Site "Parla ESP"]
[Date "2010.09.06"]
[Round "3.8"]
[White "Taboas Rodriguez, Daniel"]
[Black "Ramos Aldoradin, John Paul"]
[Result "1/2-1/2"]
[WhiteElo "2381"]
[BlackElo "2126"]
[PlyCount "92"]
[EventDate "2010.09.04"]
[EventType "swiss"]
[EventRounds "9"]
[EventCountry "ESP"]
[Source "lmi"]
[SourceDate "2010.09.04"]

1. d4 e6 2. c4 Nf6 3. Nc3 Bb4 4. e3 O-O 5. Nge2 d5 6. a3 Be7 7. g3 c6 8. b3 b6
9. Bg2 Ba6 10. cxd5 cxd5 11. O-O Nbd7 12. Bb2 Bd6 13. Qd2 Qe7 14. Rfc1 Rac8 15.
a4 Bb4 16. Qd1 Nb8 17. Nf4 Nc6 18. Nd3 Bxd3 19. Qxd3 Na5 20. Qd1 Rfd8 21. Bf1
Bxc3 22. Bxc3 Qb7 23. f3 Rc7 24. Bxa5 Rxc1 25. Rxc1 bxa5 26. Rc5 Qb4 27. Rb5
Qc3 28. Qd3 Qe1 29. Qe2 Qc3 30. Kf2 Rc8 31. Qd3 Qb2+ 32. Be2 g6 33. Rc5 Rb8 34.
Rb5 Rc8 35. Rc5 Rb8 36. Qc3 Qb1 37. Rxa5 Rxb3 38. Qc7 Rb7 39. Qc8+ Kg7 40. Rc5
Rb2 41. Rc1 Qf5 42. Ke1 Qh3 43. Qc3 Rb8 44. Qc7 Rb2 45. Qc3 Rb7 46. Qc8 Rb2
1/2-1/2

[Event "25. Open Internacional de Parla 2010"]
[Site "Parla ESP"]
[Date "2010.09.06"]
[Round "3.9"]
[White "Cortes Jurado, Rafael"]
[Black "Rubio Mejia, Luis Ignacio"]
[Result "0-1"]
[WhiteElo "2083"]
[BlackElo "2373"]
[PlyCount "112"]
[EventDate "2010.09.04"]
[EventType "swiss"]
[EventRounds "9"]
[EventCountry "ESP"]
[Source "lmi"]
[SourceDate "2010.09.04"]

1. d4 Nf6 2. Nf3 e6 3. c4 b6 4. g3 Bb7 5. Bg2 Be7 6. Nc3 Ne4 7. Bd2 f5 8. d5
Bf6 9. Qc2 Nxd2 10. Qxd2 O-O 11. Rd1 a5 12. O-O Na6 13. Nd4 Nc5 14. f4 Bxd4+
15. Qxd4 exd5 16. cxd5 d6 17. e4 fxe4 18. Nxe4 Nxe4 19. Bxe4 Qf6 20. Qxf6 Rxf6
21. Rc1 Rf7 22. Rc3 Re8 23. Bf3 Ree7 24. Rd1 Bc8 25. Rdc1 Kf8 26. a3 g6 27. Kg2
Kg7 28. Rc4 Ba6 29. R4c3 Be2 30. R1c2 Bxf3+ 31. Rxf3 Kf8 32. Rfc3 Ke8 33. Rc4
Kd8 34. Kf3 Re1 35. h4 Rd1 36. Kg4 Rxd5 37. Rh2 h5+ 38. Kh3 Re7 39. Rhc2 Rd3
40. R4c3 Rxc3 41. Rxc3 Re2 42. Rf3 Ke7 43. f5 Kf6 44. fxg6+ Kxg6 45. Rc3 Re7
46. Rd3 Re5 47. Rc3 Rc5 48. Re3 d5 49. b4 axb4 50. axb4 Rc4 51. Re5 Rxb4 52.
Rxd5 Re4 53. Rd7 Rc4 54. Rd5 Rc5 55. Rxc5 bxc5 56. g4 c4 0-1

[Event "25. Open Internacional de Parla 2010"]
[Site "Parla ESP"]
[Date "2010.09.06"]
[Round "3.10"]
[White "Elissalt Cardenas, Hector"]
[Black "Villar Perez, Samuel"]
[Result "1-0"]
[WhiteElo "2357"]
[BlackElo "2087"]
[PlyCount "141"]
[EventDate "2010.09.04"]
[EventType "swiss"]
[EventRounds "9"]
[EventCountry "ESP"]
[Source "lmi"]
[SourceDate "2010.09.04"]

1. d4 Nf6 2. Nc3 d5 3. Bg5 Nbd7 4. f4 e6 5. a3 c5 6. e3 Bd6 7. Nf3 h6 8. Bxf6
Nxf6 9. Qd2 a6 10. Be2 b5 11. O-O O-O 12. Ne5 Bb7 13. Bf3 Rc8 14. Ne2 Ne4 15.
Qd1 Qc7 16. c3 b4 17. cxb4 cxb4 18. Rc1 Qe7 19. a4 Rc7 20. Nd3 Rfc8 21. Rxc7
Qxc7 22. Nec1 Bc6 23. Ne5 Be8 24. Be2 Qa5 25. b3 Qb6 26. Bd3 a5 27. Bxe4 dxe4
28. Nc4 Qc7 29. Ne2 Be7 30. Qa1 Qa7 31. Rc1 Rc7 32. Nd2 Bc6 33. Rc2 Bd5 34. Qc1
Rxc2 35. Qxc2 Qa6 36. Kf2 f5 37. Nc1 Qb7 38. Ne2 Kh7 39. Ng3 g6 40. Ngf1 Kg7
41. Nc4 Qc7 42. Nfd2 g5 43. g3 gxf4 44. gxf4 Kh7 45. Qd1 Bh4+ 46. Kf1 Bd8 47.
Qh5 Qg7 48. Kf2 Qg6 49. Qh3 Bc7 50. Qh4 Qe8 51. Ke2 Bd8 52. Qh3 Qg6 53. Ne5 Qe8
54. Ke1 Qe7 55. Kd1 Qh4 56. Qg2 Qf6 57. Qe2 Qg7 58. Qb5 Qg1+ 59. Kc2 Qg7 60.
Qe8 Qf6 61. Ndc4 Kg7 62. Qd7+ Kg8 63. Nc6 Bxc6 64. Qxc6 Qe7 65. d5 exd5 66.
Qxd5+ Kg7 67. Qxf5 Bc7 68. Nd2 Bb6 69. Qxe4 Qc5+ 70. Nc4 Bc7 71. Kd3 1-0

[Event "25. Open Internacional de Parla 2010"]
[Site "Parla ESP"]
[Date "2010.09.06"]
[Round "3.11"]
[White "Ledo Galan, Jose Emilio"]
[Black "Perez Gonzalez, Jose Manuel"]
[Result "0-1"]
[WhiteElo "1963"]
[BlackElo "2318"]
[PlyCount "206"]
[EventDate "2010.09.04"]
[EventType "swiss"]
[EventRounds "9"]
[EventCountry "ESP"]
[Source "lmi"]
[SourceDate "2010.09.04"]

1. e4 c5 2. Nc3 d6 3. g3 Nc6 4. Bg2 g6 5. Nf3 Bg7 6. O-O e6 7. d3 Nge7 8. Be3
Nd4 9. Qd2 O-O 10. Bh6 Nxf3+ 11. Bxf3 Nc6 12. Bxg7 Kxg7 13. Bg2 Nd4 14. Nd1 e5
15. c3 Nc6 16. Ne3 Be6 17. f4 exf4 18. gxf4 f5 19. Nd5 Bxd5 20. exd5 Ne7 21.
Rae1 Qd7 22. Re6 Rae8 23. c4 Nc8 24. Qc3+ Kg8 25. Rfe1 b6 26. b3 Rxe6 27. Rxe6
Qg7 28. Qxg7+ Kxg7 29. Kf2 Kf7 30. Ke3 Re8 31. Rxe8 Kxe8 32. d4 Kf7 33. dxc5
bxc5 34. Kd3 Kf6 35. h4 h6 36. a3 a5 37. Kc3 g5 38. hxg5+ hxg5 39. fxg5+ Kxg5
40. b4 axb4+ 41. axb4 Kg4 42. Bf1 f4 43. Kb3 Nb6 44. bxc5 dxc5 45. Kc3 Nc8 46.
Kb3 Kf3 47. Ka4 Kf2 48. Bh3 Nd6 49. Ka5 Ke3 50. Kb6 Kd4 51. Bf1 f3 52. Kc6 Nxc4
53. Bxc4 Kxc4 54. d6 f2 55. d7 f1=Q 56. d8=Q Qg2+ 57. Kc7 Qg7+ 58. Kc6 Qg6+ 59.
Kc7 Qf7+ 60. Kc6 Qe6+ 61. Kc7 Qd5 62. Qh4+ Kb5 63. Qf2 Qc6+ 64. Kd8 c4 65. Qb2+
Ka6 66. Qa3+ Kb7 67. Qe7+ Kb6 68. Qb4+ Qb5 69. Qd6+ Qc6 70. Qb4+ Ka6 71. Qa3+
Kb5 72. Qb2+ Kc5 73. Qf2+ Kb5 74. Qb2+ Ka5 75. Qa3+ Qa4 76. Qc5+ Ka6 77. Qc8+
Kb6 78. Qc7+ Kb5 79. Qd7+ Kb4 80. Qb7+ Qb5 81. Qe4 Ka3 82. Qe7+ Kb3 83. Qe6 Ka3
84. Qe7+ Qb4 85. Qa7+ Kb2 86. Qf2+ Kc1 87. Qf1+ Kc2 88. Qf5+ Kb2 89. Qf2+ Kb3
90. Qf3+ c3 91. Qd5+ Kb2 92. Qe5 Kb3 93. Qd5+ Ka3 94. Qf3 Qb6+ 95. Ke8 Kb2 96.
Qe4 c2 97. Qe5+ Kb1 98. Qe4 Qc5 99. Kd8 Kb2 100. Qb7+ Ka3 101. Qa6+ Kb4 102.
Qb7+ Ka5 103. Qa8+ Kb5 0-1

[Event "25. Open Internacional de Parla 2010"]
[Site "Parla ESP"]
[Date "2010.09.06"]
[Round "3.12"]
[White "Rodriguez Lopez, Rafael"]
[Black "Aziz Ortego, Omar Luis"]
[Result "0-1"]
[WhiteElo "2314"]
[BlackElo "2080"]
[PlyCount "62"]
[EventDate "2010.09.04"]
[EventType "swiss"]
[EventRounds "9"]
[EventCountry "ESP"]
[Source "lmi"]
[SourceDate "2010.09.04"]

1. e4 e6 2. d4 d5 3. Nc3 Nf6 4. e5 Nfd7 5. f4 c5 6. Nf3 Nc6 7. Be3 cxd4 8. Nxd4
Bc5 9. Qd2 a6 10. O-O-O Nxd4 11. Bxd4 b5 12. Ne4 Be7 13. Ng3 Bb7 14. Kb1 Bc5
15. Bxc5 Nxc5 16. f5 g6 17. Qe3 Qc7 18. fxg6 hxg6 19. Bd3 O-O-O 20. Qd4 Kb8 21.
Rdf1 Rd7 22. Rf3 Rhd8 23. Rhf1 Ne4 24. Qb4 Ng5 25. R3f2 Qxe5 26. a4 bxa4 27.
Qxa4 f5 28. Bxa6 Ne4 29. Nxe4 dxe4 30. g3 Rd4 31. Qb3 Rd1+ 0-1

[Event "25. Open Internacional de Parla 2010"]
[Site "Parla ESP"]
[Date "2010.09.06"]
[Round "3.13"]
[White "Nieto de la Cruz, Julio"]
[Black "Martin Garcia, Guillermo"]
[Result "1-0"]
[WhiteElo "2147"]
[BlackElo "1863"]
[PlyCount "47"]
[EventDate "2010.09.04"]
[EventType "swiss"]
[EventRounds "9"]
[EventCountry "ESP"]
[Source "lmi"]
[SourceDate "2010.09.04"]

1. d4 f5 2. e4 fxe4 3. Nc3 Nf6 4. Bg5 c6 5. f3 d5 6. Bxf6 exf6 7. fxe4 dxe4 8.
Nxe4 Qb6 9. Nf3 Qxb2 10. Bc4 Qb4+ 11. Nfd2 b5 12. c3 Qe7 13. Be2 f5 14. Nf2 Qd6
15. a4 Bd7 16. O-O Be7 17. axb5 cxb5 18. Qb3 b4 19. Nc4 Qh6 20. Bf3 Nc6 21. d5
Na5 22. Rxa5 Rb8 23. Re1 g5 24. d6 1-0

[Event "25. Open Internacional de Parla 2010"]
[Site "Parla ESP"]
[Date "2010.09.06"]
[Round "3.14"]
[White "Fernandez Lledo, Javier"]
[Black "Gutierrez Gonzalez, Francisco Javier"]
[Result "1/2-1/2"]
[WhiteElo "2136"]
[BlackElo "1918"]
[PlyCount "66"]
[EventDate "2010.09.04"]
[EventType "swiss"]
[EventRounds "9"]
[EventCountry "ESP"]
[Source "lmi"]
[SourceDate "2010.09.04"]

1. e4 e6 2. d4 d5 3. Nc3 dxe4 4. Nxe4 Nf6 5. Bd3 Be7 6. Be3 b6 7. Nxf6+ Bxf6 8.
Qf3 c6 9. O-O-O a5 10. Ne2 Ra7 11. Ng3 Bg5 12. h4 Bxe3+ 13. fxe3 Qd5 14. Qg4 f5
15. Qf4 Na6 16. c4 Qd8 17. Bb1 O-O 18. e4 Qc7 19. e5 b5 20. c5 Nb4 21. Ne2 Nd5
22. Qf3 b4 23. Rdg1 Ba6 24. Nf4 Nxf4 25. Qxf4 Bc4 26. h5 Bd5 27. Rh3 Qd8 28. g4
fxg4 29. Qxg4 Raf7 30. Rhg3 Qe7 31. Qe2 Qh4 32. Qd3 Rf1+ 33. Rxf1 Rxf1+ 1/2-1/2